00418nam a22001217a 450000500170000000800410001702000180005805000160007610000220009224500900011426000640020430000280026820241122191623.0241122b |||||||| |||| 00| 0 eng d a9780131953635 aQA155b.B56 aMiller, Daniel S. aInstructor's Solution Manual/bfrom college algebra 4th ed. BlitzercDaniel S. Miller aUpper Saddle River, New JerseybPearson Prentice Hallc2007 aiii.875p.bill.c27.5cm